000 00790nam a2200253Ia 4500
003 OSt
005 20220926002854.0
006 a|||||r|||| 00| 0
007 ta
008 220923b |||||||| |||| 00| 0 eng d
020 _a978 0 00106 485 0
_c206.5
037 _bIN1430, 16/01/2014, R K Books
_cGeneral Book
040 _aRTL
_cRTL
_beng
041 _2eng
_aeng
082 _aV2:51.M57, P8
100 _aSAMEEKSHA TRUST
_9306590
245 0 _a1857
_b Essays from economic and political weekly
260 _a New Delhi
_bOrient Blackswan
_c2008
300 _aviii, 364p
_ccm.
500 _aBibliography - 307-310p
650 _aSociology
942 _hV2:51.M57, P8
_cGB
_2CC
999 _c606271
_d606271